LEADER 02828oam 2200673I 450 001 996205991903316 005 20170817200107.0 010 $a1-134-65411-1 010 $a1-134-65412-X 010 $a0-203-26313-8 010 $a1-280-11051-1 010 $a0-203-19495-0 024 7 $a10.4324/9780203194959 035 $a(CKB)1000000000410457 035 $a(SSID)ssj0000125834 035 $a(PQKBManifestationID)11139693 035 $a(PQKBTitleCode)TC0000125834 035 $a(PQKBWorkID)10030655 035 $a(PQKB)11594575 035 $a(MiAaPQ)EBC168601 035 $a(OCoLC)958103959 035 $a(EXLCZ)991000000000410457 100 $a20180331d1999 uy 0 101 0 $aeng 135 $aurcn||||||||| 181 $ctxt 182 $cc 183 $acr 200 00$aCommunities in cyberspace /$fedited by Marc A. Smith and Peter Kollock 210 1$aLondon ;$aNew York :$cRoutledge,$d1999. 215 $aix, 323 p. $cill 300 $aBibliographic Level Mode of Issuance: Monograph 311 $a0-415-19139-4 311 $a0-415-19140-8 320 $aIncludes bibliographical references and index. 327 $tpart Part one Introduction -- $tchapter 1 Communities in cyberspace -- $tpart Part two Identity -- $tchapter 2 Identity and deception in the virtual community /$rJudith S. Donath -- $tchapter 3 Reading race online -- $tchapter 4 Writing in the body -- $tpart Part three Social order and control -- $tchapter 5 Hierarchy and power -- $tchapter 6 Problems of conflict management in virtual communities /$rAnna DuVal Smith -- $tpart Part four Community structure and dynamics -- $tchapter 7 Virtual communities as communities -- $tchapter 8 Invisible crowds in cyberspace -- $tchapter 9 The economies of online cooperation -- $tpart Part five Collective action -- $tchapter 10 The promise and the peril of social action in cyberspace -- $tchapter 11 Electronic homesteading on the rural frontier -- $tchapter 12 Cyberspace and disadvantaged communities. 606 $aComputer networks$xSocial aspects 606 $aInternet$xSocial aspects 606 $aInterpersonal relations 606 $aSocial problems 606 $aSocial control 606 $aTechnology and civilization 608 $aElectronic books. 615 0$aComputer networks$xSocial aspects. 615 0$aInternet$xSocial aspects. 615 0$aInterpersonal relations. 615 0$aSocial problems. 615 0$aSocial control. 615 0$aTechnology and civilization. 676 $a303.48/34 701 $aSmith$b Marc A.$f1965-$0863212 701 $aKollock$b Peter$0532254 801 0$bMiAaPQ 801 1$bMiAaPQ 801 2$bMiAaPQ 906 $aBOOK 912 $a996205991903316 996 $aCommunities in cyberspace$91926925 997 $aUNISA LEADER 01006nam a2200265 i 4500 001 991002233049707536 005 20020503162806.0 008 000908s1953 it ||| | ita 035 $ab10335274-39ule_inst 035 $aEXGIL100451$9ExL 040 $aBiblioteca Interfacoltà$bita 082 0 $a335.4119 100 1 $aLabriola, Antonio$0444900 245 13$aLa concezione materialistica della storia /$cAntonio Labriola ; con un'aggiunta di B. Croce sulla critica del marxismo in Italia 260 $aBari :$bLaterza,$c1953 300 $aXIII, 314 p. 650 4$aMaterialismo storico 700 1 $aCroce, Benedetto$d<1866-1952> 907 $a.b10335274$b05-10-16$c27-06-02 912 $a991002233049707536 945 $aLE002 195 LAB C 01 CRO 945 $aLE002 Fil. IV B 10$g1$i2002000471932$lle002$o-$pE0.00$q-$rl$s- $t0$u2$v0$w2$x0$y.i1039395x$z27-06-02 996 $aConcezione materialistica della storia$9199602 997 $aUNISALENTO 998 $ale002$b01-01-00$cm$da $e-$fita$git $h3$i1